CS2 Weapon Prices - Statistics

General Stats
  • This quiz has been taken 504 times
  • The average score is 13 of 35
Answer Stats
Hint Answer % Correct
$200 Zeus
67%
$4750 AWP
66%
$700 Desert Eagle
61%
$200 Glock
60%
$2700 AK-47
57%
$200 P2000
57%
$200 USP-S
57%
$2900 M4A1-S
54%
$300 P250
53%
$500 Five Seven
52%
$500 Tec-9
52%
$2900 M4A4
48%
$1050 MAC-10
46%
$1250 MP9
41%
$3300 AUG
39%
$300 Dual Berettas
37%
$5200 M249
37%
$1050 Nova
37%
$2050 FAMAS
35%
$600 R8 Revolver
33%
$5000 SCAR-20
33%
$1400 MP7
31%
$1800 Galil AR
28%
$1700 Negev
27%
$2350 P90
25%
$3000 SG 553
25%
$500 CZ75 Auto
24%
$1300 Mag-7
24%
$1100 Sawed-Off
24%
$1700 SSG 08
24%
$1200 UMP-45
22%
$5000 G3SG1
20%
$1400 MP5-SD
19%
$2000 XM1014
19%
$1300 PP-Bizon
17%
No matching quizzes found
Score Distribution
Percent of People with Each Score
Percentile by Number Answered
Your Score History
You have not taken this quiz